[Event "LOTTO POL-ch Men 2019"]
[Site "Warsaw"]
[Date "2019.05.18"]
[Round "8.1"]
[White "Piorun, Kacper"]
[Black "Sadzikowski, Daniel"]
[Result "1/2-1/2"]
[WhiteElo "2657"]
[BlackElo "2522"]
[Annotator "TA"]
[PlyCount "124"]
[EventDate "2019.05.11"]
[EventType "tourn"]
[EventCountry "POL"]
[SourceTitle "playchess.com"]
[Source "ChessBase"]
[SourceQuality "1"]

{[%evp 13,124,29,39,41,41,25,29,0,0,0,20,20,22,27,29,0,14,0,16,0,17,-51,-41,-110,-35,-56,-63,-84,-92,-60,-21,-21,-35,-158,-37,-184,-201,-179,-179,-187,-193,-193,-193,-193,-193,-193,-193,-227,-211,-211,-211,-211,-211,-211,-226,-218,-194,-218,-181,-211,-211,-209,-160,-158,-157,-158,-158,-153,-60,-70,-61,-61,-61,-77,-34,-154,-147,-170,-147,-197,-212,-179,-76,-77,0,0,0,0,0,0,-8,-30,0,0,0,0,0,0,0,0,0,-8,0,0,0,-8,-8,-71,0,-71,0,-71,0]} 1. e4 c6 2. d4 d5 3. exd5 cxd5 4. Nf3 Nf6 5. c3 Nc6 6. Bf4 g6 7. Bd3 Bf5 8. Bxf5 {B13: Caro-Kann: Exchange Variation and Panov-Botvinnik Attack} gxf5 9. O-O e6 10. Ne1 {White has an edge.} Bd6 11. Qf3 $146 ({Predecessor:} 11. Bxd6 Qxd6 12. Nd2 O-O-O 13. a4 Rhg8 14. f3 Kb8 {½-½ (64) Granda Zuniga,J (2648)-Lou,Y (2458) Douglas 2016}) 11... Bxf4 12. Qxf4 Rg8 13. Nd2 Rg4 14. Qf3 Qc7 15. g3 O-O-O 16. Ng2 Rdg8 17. h3 (17. Kh1 $11) 17... R4g5 $15 {Threatens to win with ...Nh5.} 18. Rfe1 (18. Rae1 $15) 18... Ne4 (18... Nh5 $1 $17 {[%cal Rh5g3] aiming for ...Nxg3!} 19. Nf1 Nf6) 19. Nxe4 fxe4 20. Qf4 e5 $36 {[%mdl 2048] Black is really pushing.} 21. Qe3 f5 {...f4 is the strong threat.} 22. dxe5 Nxe5 23. Nf4 (23. Qxa7 $15 Nf3+ 24. Kf1) 23... Nd3 (23... Nc4 $1 $17 {[%cal Rc4e3]} 24. Ne6 Nxe3 25. Nxc7 Kxc7 26. Rxe3 f4) 24. Nxd3 ({White should play} 24. Kf1 $1 $15) 24... Rxg3+ $1 $19 {[%mdl 64] Demolition} 25. fxg3 Rxg3+ {[%mdl 64] Double Attack} 26. Kh1 Rxe3 27. Rxe3 f4 ({Much less strong is} 27... exd3 28. Rxd3 Qe5 29. Rad1 $17) 28. Nxf4 Qxf4 {[%mdl 4096] Endgame KQ-KRR} 29. Rae1 b5 30. b3 Kc7 31. Kg2 Qg5+ 32. Kf2 Qf6+ 33. Kg2 Qa6 34. R1e2 Kd6 35. Rg3 Ke6 36. b4 Qc8 37. Rd2 Qd8 38. Rf2 a5 39. a3 axb4 40. axb4 d4 (40... h6 $17 41. Rd2 Ke5) 41. cxd4 Qxd4 42. Rg5 Qxb4 43. Ra2 $1 Qc4 44. Ra6+ (44. Rb2 $1 $15) 44... Kf7 $17 45. Rf5+ Ke7 $1 46. Re5+ Kd7 47. Rg5 {Hoping for Rg7+.} Qc3 (47... Kd8 $19 {Strongly threatening ...b4.} 48. Rg7 Qc2+ 49. Kh1 Qc1+ 50. Rg1 Qc3 51. Rg8+ Ke7 52. Ra7+ Kf6 53. Rf8+ Ke5 54. Re8+ Kf4 55. Rf8+ Ke3) 48. Kh2 {And now Rg7+! would win.} Kc7 {[#]} (48... Qc7+ $1 $17 49. Kg2 Kc8) 49. Rg7+ $1 $11 {[%mdl 512]} Kb8 (49... Qxg7 50. Ra7+) 50. Rb6+ Kc8 51. Rg8+ Kc7 52. Rxb5 e3 53. Rg2 Kc6 54. Rbb2 Qe5+ 55. Kg1 Kc5 56. Ra2 {Black must now prevent Ra5+.} Qe7 57. Kh2 Kc4 58. Rac2+ Kd3 59. Ra2 h5 {With the idea ...Qc5.} 60. Rab2 {[#]} (60. Kg1 $11 {keeps the balance.}) 60... Qe5+ ({Better is} 60... Qc7+ $1 $17 61. Kg1 Qd7) 61. Kg1 {[#]} (61. Kh1 $11) 61... Qe6 (61... Qd4 $1 $17 {( -> ...e2+)} 62. Kh2 Qf4+ 63. Kg1 Qd4) 62. Kh2 (62. Rb1 $11 {remains equal.}) 62... Qe5+ {Accuracy: White = 35%, Black = 47%.} (62... h4 $17) 1/2-1/2

[Event "LOTTO POL-ch Men 2019"]
[Site "Warsaw"]
[Date "2019.05.18"]
[Round "8.2"]
[White "Dragun, Kamil"]
[Black "Heberla, Bartlomiej"]
[Result "1/2-1/2"]
[WhiteElo "2591"]
[BlackElo "2556"]
[Annotator "TA"]
[PlyCount "85"]
[EventDate "2019.05.11"]
[EventType "tourn"]
[EventCountry "POL"]
[SourceTitle "playchess.com"]
[Source "ChessBase"]
[SourceQuality "1"]

{[%evp 15,85,10,30,-8,-4,-33,-17,-41,-35,-26,-29,-37,-36,-79,-46,-101,-98,-102,-56,-102,-72,-70,-62,-44,-54,-47,-61,-58,-28,-38,-20,-21,-21,-38,-35,-42,-40,-43,-23,-20,-12,-7,-9,-22,-22,-36,-25,-26,0,0,0,0,0,0,0,0,0,0,0,0,0,0,8,8,11,8,8,0,0,0,16,0]} 1. c4 g6 2. g3 Bg7 3. Bg2 e5 4. Nc3 d6 5. d3 Nc6 6. e4 Be6 7. Nge2 Qd7 8. Nd5 Nce7 9. h4 {A26: English Opening vs King's Indian with ...Nc6 and d3} (9. d4 c6 10. Nxe7 Nxe7 11. d5 cxd5 12. cxd5 Bh3 13. O-O Bxg2 14. Kxg2 O-O 15. f3 f5 16. Nc3 h5 17. Qa4 Qxa4 18. Nxa4 {1-0 (81) Bok,B (2643)-Quesada Perez,L (2510) Merida 2018}) 9... c6 10. Ne3 f5 11. h5 $146 ({Predecessor:} 11. f4 Nf6 12. O-O O-O 13. c5 dxc5 14. fxe5 Nh5 15. Bf3 Nxg3 16. Nxg3 f4 {1-0 (42) Calvo Mayayo,J (1929)-Campo Millan,D (2082) Aragon 2013}) 11... gxh5 12. exf5 Nxf5 13. Nxf5 Bxf5 14. Bg5 Nf6 15. Bxf6 ({White should try} 15. Nc3 $15) 15... Bxf6 $17 16. Rxh5 O-O-O 17. Qd2 Kb8 18. O-O-O d5 19. cxd5 $1 cxd5 20. Kb1 Bg6 21. Rhh1 Qe7 22. Ka1 Rd6 23. f4 Rc8 24. fxe5 Qxe5 {[#] Hoping for ...Bxd3!} 25. d4 Qe7 26. Rc1 Rxc1+ 27. Rxc1 Bg5 28. Nf4 a6 29. Re1 Qc7 30. Qe3 Ka7 31. a3 ({But not} 31. Bxd5 $2 Bxf4 32. Qxf4 {[#]} Qa5 $1 $19 {[%mdl 512]}) 31... Qc2 {aiming for ...Bxf4.} 32. Qc3 {The position is equal.} Bxf4 33. Qxc2 Bxc2 34. gxf4 $11 {[%mdl 4096] Endgame KRB-KRB} Rf6 35. Bxd5 Rxf4 36. Re7 Rxd4 37. Rxb7+ Ka8 38. Bc6 Rd1+ 39. Ka2 Bb1+ 40. Kb3 {And now Rd7+ would win.} Rc1 $1 {[%cal Rc1c6]} 41. Rb6+ Ka7 42. Rb7+ Ka8 43. Rb6+ {Accuracy: White = 52%, Black = 65%.} 1/2-1/2

[Event "LOTTO POL-ch Men 2019"]
[Site "Warsaw"]
[Date "2019.05.18"]
[Round "8.3"]
[White "Gajewski, Grzegorz"]
[Black "Tomczak, Jacek"]
[Result "1/2-1/2"]
[WhiteElo "2613"]
[BlackElo "2631"]
[Annotator "TA"]
[PlyCount "92"]
[EventDate "2019.05.11"]
[EventType "tourn"]
[EventCountry "POL"]
[SourceTitle "playchess.com"]
[Source "ChessBase"]
[SourceQuality "1"]

{[%evp 9,92,20,25,-20,40,17,23,18,12,12,12,18,15,11,19,24,22,8,33,0,18,22,15,16,18,16,8,9,27,14,47,15,47,14,8,14,14,8,12,0,-7,-8,0,0,0,0,0,0,0,0,0,0,0,0,0,0,0,0,0,0,0,0,0,-11,-4,-4,0,-3,-3,-89,-29,-22,-21,-40,-22,-20,-20,-20,-20,-71,-8,-9,-6,-6,0]} 1. d4 d5 2. c4 dxc4 3. e4 Nf6 4. e5 Nd5 5. Bxc4 Bf5 6. Nc3 {D20: Queen's Gambit Accepted: 3 e3 and 3 e4} (6. Qb3 c6 7. Ne2 Qb6 8. Qf3 Bxb1 9. Bxd5 cxd5 10. Rxb1 e6 11. O-O Nc6 12. Be3 Be7 13. Nf4 {½-½ (38) Gelfand,B (2703)-Laznicka,V (2662) Novy Bor 2018}) 6... e6 $146 (6... Nb4 $11 7. Bb3 Nd3+ 8. Kf1 Qxd4) ({Predecessor:} 6... Nb6 7. Bb3 Nc6 8. Nf3 e6 9. O-O Nb4 10. Bg5 Qd7 11. a3 h6 12. Bh4 Nd3 13. Qd2 {0-1 (23) Wind,M (1640)-Paust,W (2133) Oldenburg 2000}) 7. Nxd5 exd5 8. Bb3 {White has an edge.} c5 9. dxc5 Nc6 10. Nf3 Bxc5 11. O-O O-O 12. Qxd5 Qb6 13. Bg5 Na5 14. Rac1 Nxb3 15. Qxb3 Qxb3 16. axb3 Rac8 17. Be3 Bxe3 18. fxe3 Rfe8 19. Nd4 Bd7 (19... Rxc1 {is more complex.} 20. Rxc1 g6 21. Rc5 b6 22. Rd5 Be4) 20. b4 h6 21. Kf2 Rxe5 22. Rxc8+ Bxc8 $11 {[%mdl 4096] Endgame KRB-KRN} 23. Rc1 Bf5 24. Rc7 Be4 25. Rc8+ Kh7 26. b5 a6 27. bxa6 bxa6 28. Rc7 Rg5 29. g3 Ra5 30. Re7 Bg6 31. g4 Ra2 32. Rb7 Be4 33. Rb6 Bd3 34. Rb3 Bc4 35. Rb4 Bd5 36. Ne2 a5 37. Rb6 {[#] And now Nc3 would win.} Bc4 38. Nc3 Ra1 39. b4 (39. h3 $11) 39... a4 (39... Rc1 $17 40. Na4 Bb3) 40. Rc6 Be6 {[#] aiming for ...a3.} 41. Ra6 a3 {Threatens to win with ...a2.} 42. b5 {[%cal Bb4b5,Bb5b6][%mdl 32]} a2 {Hoping for ...Rc1.} 43. b6 $1 {Rxa2! is the strong threat.} Rh1 44. h4 (44. Kg3 $1 $11 {keeps the balance.} Rg1+ 45. Kf2) 44... Bc4 ({Don't play} 44... Rxh4 $6 45. Rxa2 Bxa2 46. Kg3 $11 (46. b7 $2 Rh2+ 47. Kf3 Rb2 $19)) (44... Rh2+ $17 45. Kf3 Rb2) 45. Ra4 Rf1+ 46. Kg3 $1 Rb1 {Accuracy: White = 57%, Black = 57%.} 1/2-1/2

[Event "LOTTO POL-ch Men 2019"]
[Site "Warsaw"]
[Date "2019.05.18"]
[Round "8.4"]
[White "Gumularz, Szymon"]
[Black "Janik, Igor"]
[Result "0-1"]
[WhiteElo "2483"]
[BlackElo "2469"]
[Annotator "TA"]
[PlyCount "96"]
[EventDate "2019.05.11"]
[EventType "tourn"]
[EventCountry "POL"]
[SourceTitle "playchess.com"]
[Source "ChessBase"]
[SourceQuality "1"]

{[%evp 14,96,17,11,27,29,42,12,21,21,25,19,35,16,47,0,31,12,61,-26,0,0,30,0,7,0,0,-8,0,-24,-21,-18,-32,-53,-29,-14,-22,-59,-37,-51,-50,-34,149,152,423,52,50,50,55,56,186,179,143,0,0,0,0,-28,-22,-16,-29,-32,-401,-391,-410,-390,-381,-377,-375,-517,-505,-600,-381,-817,-807,-1165,-1045,-1032,-1028,-1362,-1354,-1495,-1473,-1387,-1377]} 1. c4 Nf6 2. Nc3 e5 3. Nf3 Nc6 4. g3 Bb4 5. Bg2 Bxc3 6. bxc3 O-O 7. O-O d6 8. d3 e4 {A29: English Opening: Four Knights Variation with 4 g3} 9. Nd4 Ne5 (9... exd3 10. exd3 Nxd4 11. cxd4 d5 12. Bg5 c6 13. cxd5 cxd5 14. Qb3 b6 15. Rae1 h6 16. Bxf6 Qxf6 17. Re5 Be6 {1-0 (37) Kramnik,V (2792)-Duda,J (2737) Dortmund 2018}) 10. dxe4 Nxc4 {The position is equal.} 11. Qd3 Ne5 12. Qc2 Re8 $146 ({Predecessor:} 12... Bd7 13. Rd1 Qe7 14. Rb1 Rab8 15. Nb5 Bxb5 16. Rxb5 {0-1 (36) Krylov,A-Plyusnin,A (1928) RCCA corr 2002}) 13. Rd1 Bd7 14. Rb1 Qc8 15. Bg5 Nfg4 16. Nf5 (16. f3 $14) 16... h6 17. Bc1 b6 18. h3 Nf6 19. g4 Qa6 $36 {[%mdl 2048] Black is more active.} 20. Rd4 Bc6 21. g5 hxg5 22. Bxg5 Nh7 23. Bf4 Nf8 24. Bg3 Ne6 25. Rdb4 Nc5 26. Qd2 f6 27. Kh2 Qb7 $2 (27... Kf7 $15) 28. Rg1 $16 Ne6 $2 {[#]} ({Avoid the trap} 28... Nxe4 $2 29. Bxe4 Ng4+ 30. hxg4 $18) (28... Kf7 $16) 29. Bh1 $2 ({Only move:} 29. Bxe5 $1 $18 dxe5 30. Bf3) 29... Kf7 $1 $14 30. Bxe5 dxe5 {[#]} 31. Nxg7 $1 {[%mdl 576] Remove Defender} Nxg7 ({Better is} 31... Rg8 $1 $14 32. Nxe6 Rxg1 33. Kxg1 Kxe6) 32. Qh6 $18 Rg8 33. Rg6 ({White has to play} 33. f4 $16 {And now fxe5 would win.} Rae8 34. Qg6+ Ke7 35. fxe5 fxe5 36. Bf3) 33... Ne8 $11 34. Rxg8 Kxg8 35. Rb1 {aiming for Rg1+.} Bxe4 36. Rg1+ Kf7 {White must now prevent ...Bxh1.} 37. f3 $1 {[%cal Rf3e4]} Bc6 $2 {[%mdl 8192]} (37... Bc2 $15 38. Qh5+ Ke6) 38. Qh7+ Ke6 39. Qg8+ Ke7 40. Qh7+ Kd8 41. h4 {If White can now play Qd3+ this consolidates a bit.} Qa6 42. h5 Kc8 43. h6 $2 (43. Qd3 Qxa2 44. f4 Bxh1 45. Kxh1) 43... Qxe2+ $19 {[%mdl 64] Double Attack. Black is clearly winning.} 44. Rg2 Qxf3 45. Qg6 Kb7 46. h7 Nd6 47. Qg8 Qh5+ 48. Kg1 Nf7 {Accuracy: White = 40%, Black = 36%.} 0-1

[Event "LOTTO POL-ch Men 2019"]
[Site "Warsaw"]
[Date "2019.05.18"]
[Round "8.5"]
[White "Socko, Bartosz"]
[Black "Bartel, Mateusz"]
[Result "1/2-1/2"]
[WhiteElo "2627"]
[BlackElo "2598"]
[Annotator "RC"]
[PlyCount "117"]
[EventDate "2019.05.11"]
[EventType "tourn"]
[EventCountry "POL"]
[SourceTitle "playchess.com"]
[Source "ChessBase"]
[SourceQuality "1"]
[TimeControl "40/5400+30:1800+30"]

1. e4 {[%emt 0:00:00]} e5 {[%emt 0:00:00]} 2. Nf3 {[%emt 0:00:00]} Nc6 {[%emt 0:00:00]} 3. Bc4 {[%emt 0:00:00]} Nf6 {[%emt 0:00:00]} 4. Ng5 {[%emt 0:00:00]} d5 {[%emt 0:00:00]} 5. exd5 {[%emt 0:00:00]} Na5 {[%emt 0:00:09]} 6. Bb5+ {[%emt 0:00:00]} c6 {[%emt 0:00:07]} 7. dxc6 {[%emt 0:00:00]} bxc6 {[%emt 0:00:08]} 8. Bd3 {[%emt 0:00:03]} Nd5 {[%emt 0:01:12]} 9. Nf3 {[%emt 0:00:08]} Nf4 {[%emt 0:04:52]} 10. Bf1 {[%emt 0:00:18]} e4 {[%emt 0:08:43]} 11. d3 {[%emt 0:04:31]} exf3 {[%emt 0:09:53]} 12. Bxf4 {[%emt 0:00:18]} Qf6 {[%emt 0:00:15]} 13. Qxf3 {[%emt 0:14:35]} Qxb2 {[%emt 0:00:18]} 14. Qe2+ {[%emt 0:00:12]} Be6 {[%emt 0:00:25]} 15. Be5 {[%emt 0:01:19]} Qc1+ {[%emt 0:06:46]} 16. Qd1 {[%emt 0:00:07]} Qg5 {[%emt 0:00:04]} 17. Bc3 {[%emt 0:03:03]} O-O-O {[%emt 0:11:18]} 18. Be2 {[%emt 0:20:06]} Qxg2 {[%emt 0:05:34]} 19. Bf3 {[%emt 0:00:05]} Qg5 {[%emt 0:12:00]} 20. Qd2 {[%emt 0:01:08]} Qc5 {[%emt 0:00:20]} 21. Qe3 {[%emt 0:07:36]} Qb6 {[%emt 0:02:37]} 22. Qxb6 {[%emt 0:02:44]} axb6 {[%emt 0:00:25]} 23. Nd2 {[%emt 0:02:09]} Bd5 {[%emt 0:08:08]} 24. Rg1 {[%emt 0:01:17]} f6 {[%emt 0:02:08]} 25. Rb1 {[%emt 0:04:41]} Kc7 {[%emt 0:00:03]} 26. Bxd5 {[%emt 0:00:38]} Rxd5 {[%emt 0:00:25]} 27. Ne4 {[%emt 0:00:06]} h5 {[%emt 0:03:20]} 28. Bd2 {[%emt 0:05:02]} h4 {[%emt 0:04:57]} 29. Ke2 {[%emt 0:08:37]} Rhh5 {[%emt 0:01:21]} 30. Bb4 {[%emt 0:02:29]} c5 {[%emt 0:00:39]} 31. Bxa5 {[%emt 0:00:47]} bxa5 {[%emt 0:00:02]} 32. c4 {[%emt 0:00:38]} Rd7 {[%emt 0:03:05]} 33. Rb5 {[%emt 0:02:13]} Re5 {[%emt 0:00:03]} 34. f4 {[%emt 0:05:20]} Re6 {[%emt 0:01:25]} 35. f5 {[%emt 0:00:30]} Re5 {[%emt 0:01:14]} 36. Rgb1 {[%emt 0:07:40]} Kd8 {[%emt 0:00:24]} 37. Rxa5 {[%emt 0:01:36]} Ke8 {[%emt 0:00:32]} 38. Rf1 {[%emt 0:02:27]} g6 {[%emt 0:03:52]} 39. fxg6 {[%emt 0:02:41]} f5 {[%emt 0:00:05]} 40. Ra8+ {[%emt 0:00:00]} Ke7 {[%emt 0:00:00]} 41. Rf3 {[%emt 0:09:51]} Bg7 {[%emt 0:05:29]} 42. Kf2 {[%emt 0:17:05]} fxe4 {[%emt 0:02:58]} 43. Rf7+ {[%emt 0:00:05]} Ke6 {[%emt 0:00:06]} 44. Ra6+ {[%emt 0:00:30]} Rd6 {[%emt 0:00:07]} 45. Rxd6+ {[%emt 0:01:08]} Kxd6 {[%emt 0:00:03]} 46. Rxg7 {[%emt 0:00:07]} exd3 {[%emt 0:00:06]} 47. Rb7 {[%emt 0:01:02]} Re2+ {[%emt 0:06:27]} 48. Kf3 {[%emt 0:00:28]} Rxh2 {[%emt 0:00:06]} 49. Rb8 {[%emt 0:04:05]} Rh3+ {[%emt 0:00:29]} 50. Kg4 {[%emt 0:00:16]} Rg3+ {[%emt 0:02:15]} 51. Kxh4 {[%emt 0:00:10]} Rg1 {[%emt 0:01:02]} 52. Kh5 {[%emt 0:01:33]} Ke7 {[%emt 0:02:05]} 53. Rb2 {[%emt 0:00:04]} Kf6 {[%emt 0:15:07]} 54. Rd2 {[%emt 0:03:35]} Rh1+ {[%emt 0:02:44]} 55. Kg4 {[%emt 0:00:05]} Kxg6 {[%emt 0:00:33]} 56. Rxd3 {[%emt 0:01:23]} Rc1 {[%emt 0:00:06]} 57. Kf4 {[%emt 0:00:56]} Kf6 {[%emt 0:00:50]} 58. Rd6+ {[%emt 0:00:18]} Ke7 {[%emt 0:00:08]} 59. Rc6 {[%emt 0:00:28]} 1/2-1/2

[Event "LOTTO POL-ch Men 2019"]
[Site "Warsaw"]
[Date "2019.05.19"]
[Round "9.1"]
[White "Bartel, Mateusz"]
[Black "Piorun, Kacper"]
[Result "1/2-1/2"]
[WhiteElo "2598"]
[BlackElo "2657"]
[Annotator "TA"]
[PlyCount "115"]
[EventDate "2019.05.11"]
[EventType "tourn"]
[EventCountry "POL"]
[SourceTitle "playchess.com"]
[Source "ChessBase"]
[SourceQuality "1"]

{[%evp 16,115,32,14,49,42,49,48,52,26,23,18,30,20,27,37,36,31,56,42,51,45,37,41,54,47,50,49,43,46,45,43,51,40,50,45,56,34,91,64,54,62,75,46,51,25,29,19,8,10,40,43,40,28,29,33,64,35,43,29,29,27,28,23,23,32,25,23,23,23,51,35,47,23,34,32,52,50,81,66,66,66,66,66,66,65,62,65,77,43,43,43,515,0,0,0,0,0,0,0,0,0]} 1. e4 c5 2. Nf3 Nc6 3. Bb5 d6 4. O-O Bd7 5. Re1 Nf6 6. c3 a6 7. Ba4 b5 8. Bc2 e5 9. h3 Be7 {B51: Sicilian: Moscow Variation (3 Bb5+) without 3...Bd7} 10. d4 O-O 11. d5 Na5 {White is slightly better.} 12. Nxe5 dxe5 13. d6 {[#]} Nc6 $146 ({Predecessor:} 13... Be6 14. dxe7 Qxe7 15. Nd2 Rfd8 16. Qe2 Nd7 17. Nf3 {½-½ (35) Ni,H (2667)-Wang,H (2715) China 2010}) 14. Be3 Re8 {Hoping for ...Bf8.} 15. dxe7 Qxe7 16. Nd2 Rad8 17. Qe2 Be6 18. a4 c4 19. axb5 axb5 20. Ra6 Qd6 21. Rea1 Nd7 22. b4 cxb3 23. Nxb3 Bc4 24. Qd1 Qc7 25. Nd2 Be6 26. Bb3 Qb7 (26... Bxb3 $14 27. Qxb3 Rb8) 27. Qb1 Bxb3 $1 28. Qxb3 Re6 29. Qa2 Rb8 30. Nb3 h6 31. Nc5 Nxc5 32. Bxc5 Qd7 33. Qd5 Qe8 34. Qb3 Qd8 35. Rd1 Qf6 36. Rb6 Rxb6 37. Bxb6 Qf4 38. Qc2 Rg6 39. Qe2 b4 40. cxb4 Nxb4 41. g3 $36 {[%mdl 2048] White has some pressure.} Nc6 42. Bc5 Qg5 43. Kh2 Re6 44. Rd5 Qf6 45. Kg2 Qg6 46. Rd7 Qf6 47. Qd3 h5 48. h4 g5 49. Qa6 {Strongly threatening Qc8+.} gxh4 50. Qc8+ Kh7 {Threatens to win with ...h3+!} 51. Qf8 Kg6 $1 52. f4 (52. Be3 $5 {[%cal Rf8h6]} Qg7 53. Rxf7 Qxf8 54. Rxf8 $16) 52... exf4 53. gxf4 {Threatening mate with f5+.} ({Worse is} 53. Qg8+ Qg7 $17) 53... h3+ $2 {[%mdl 8192] [#]} (53... Rxe4 $14 54. Qg8+ Qg7 55. Rd6+ {[%mdl 64] Double Attack} f6 56. f5+ Kh6+ 57. Qxg7+ Kxg7) 54. Kxh3 $2 (54. Kh1 $1 $18 Qa1+ 55. Bg1) 54... Qc3+ $11 {The position is equal.} 55. Kg2 Qc2+ {[%mdl 64] Double Attack} 56. Kh3 Qc3+ 57. Kg2 Qc2+ {[%mdl 64] [#] Double Attack} 58. Kh3 {Accuracy: White = 58%, Black = 52%.} 1/2-1/2

[Event "LOTTO POL-ch Men 2019"]
[Site "Warsaw"]
[Date "2019.05.19"]
[Round "9.2"]
[White "Janik, Igor"]
[Black "Socko, Bartosz"]
[Result "1/2-1/2"]
[WhiteElo "2469"]
[BlackElo "2627"]
[Annotator "TA"]
[PlyCount "75"]
[EventDate "2019.05.11"]
[EventType "tourn"]
[EventCountry "POL"]
[SourceTitle "playchess.com"]
[Source "ChessBase"]
[SourceQuality "1"]

{[%evp 9,75,5,12,20,39,27,28,31,37,43,40,38,35,39,24,0,0,-18,-16,-22,-11,-60,0,-132,-119,-112,0,0,0,0,18,23,18,18,20,16,16,13,19,0,0,0,0,0,0,0,93,104,104,104,95,97,93,84,95,93,62,64,86,0,0,0,0,0,0,0,0,0]} 1. e4 e6 2. d4 d5 3. Nd2 Be7 4. e5 c5 5. c3 Nc6 6. Bd3 {C03: French Tarrasch: Unusual Black 3rd moves} Qb6 (6... Bd7 7. Qg4 Kf8 8. Ne2 h5 9. Qf3 cxd4 10. cxd4 Qb6 11. Nb3 a5 12. Nf4 Ke8 13. Nxh5 a4 14. Nxg7+ {1-0 (46) Mamedov,R (2703)-Lagarde,M (2616) Skopje 2018}) 7. Ndf3 Bd7 {[%cal Rc5d4]} 8. Ne2 {White has an edge.} f6 9. O-O fxe5 10. dxe5 Nh6 $146 ({Predecessor:} 10... O-O-O 11. b4 Qc7 12. Bf4 Rf8 13. bxc5 Bxc5 {0-1 (30) Ameir,M (2399)-Stupak,K (2564) Khanty-Mansiysk 2017}) 11. Bxh6 gxh6 12. Qd2 O-O-O $1 13. Qxh6 c4 14. Bc2 Qxb2 15. Rfc1 Rdf8 (15... Qa3 $15) 16. Nf4 (16. a4 $11 {remains equal.}) 16... Ba3 $1 $17 ({Don't play} 16... Qxc3 $6 17. Bxh7 Qa3 18. Ng6 $11) 17. Ba4 Qxc1+ (17... Bc5 $17 18. Bc2 Qb6) 18. Rxc1 $11 Bxc1 19. g3 Bxf4 20. gxf4 Rf7 21. Bxc6 bxc6 22. Nd4 Rg8+ 23. Kf1 {Strongly threatening f5.} Rg6 24. Qh5 {And now f5! would win.} Rfg7 25. Ke2 c5 26. Nf3 Rg4 27. Ke3 Bc6 {[#]} (27... Kb8 $11) 28. h3 $1 $16 {[%cal Rh3g4]} Rg2 29. f5 d4+ 30. cxd4 {Threatens to win with f6.} c3 {( -> ...c2)} 31. Qh6 Bd5 {[#] ...c2 is the strong threat.} 32. Ne1 $1 {[%cal Re1g2]} Rg1 33. Nc2 cxd4+ 34. Nxd4 (34. Kxd4 $16 Rf7 35. Kxc3 (35. fxe6 Rd1+ 36. Kxc3 Rc7+ 37. Kb2 Rb7+ 38. Kc3 Rc7+ 39. Kb2 Rb7+ 40. Kc3 Rc7+ $11) 35... Rxf5 36. Ne3 (36. Qxh7 Rxf2 37. Qe7 Rgg2 $11)) 34... Re1+ $11 {The position is equal.} 35. Kd3 Rc7 $1 {[%csl Ge1][%cal Rd5e4]} 36. Qf8+ {[#]} Kb7 $1 {[%csl Ge1][%cal Rd5e4][%mdl 512]} 37. Qb4+ {[#]} Kc8 $1 {[%csl Ge1][%cal Rd5e4][%mdl 512]} 38. Qf8+ {Accuracy: White = 63%, Black = 65%.} 1/2-1/2

[Event "LOTTO POL-ch Men 2019"]
[Site "Warsaw"]
[Date "2019.05.19"]
[Round "9.3"]
[White "Tomczak, Jacek"]
[Black "Gumularz, Szymon"]
[Result "1/2-1/2"]
[WhiteElo "2631"]
[BlackElo "2483"]
[Annotator "TA"]
[PlyCount "81"]
[EventDate "2019.05.11"]
[EventType "tourn"]
[EventCountry "POL"]
[SourceTitle "playchess.com"]
[Source "ChessBase"]
[SourceQuality "1"]

{[%evp 14,81,16,13,13,10,4,13,21,10,15,13,15,16,54,60,65,25,30,0,35,15,30,18,23,11,4,-18,0,-6,4,-29,-35,-65,13,0,49,10,22,34,33,0,0,0,0,-18,0,0,0,-46,-40,-46,-32,-61,-79,-86,-89,-88,-83,-188,-163,-214,-165,-161,0,0,0,0,0,0]} 1. e4 c6 2. d4 d5 3. e5 Bf5 4. Be3 e6 5. Nd2 Nd7 6. Ngf3 h6 7. Be2 Ne7 8. O-O Bh7 {B12: Caro-Kann: Advance Variation} 9. Nb3 Nf5 10. Bd2 Be7 11. g4 Nh4 12. Nxh4 Bxh4 13. f4 f5 14. Bd3 O-O $1 15. h3 $146 ({Predecessor:} 15. Kh1 Be7 16. Rg1 {0-1 (73) Krylov,S (2359)-Rasmussen,A (2530) Khanty-Mansiysk 2010}) 15... Be7 16. Qe2 Rc8 (16... c5 $5 {[%cal Rc5c4]} 17. c4 b5 18. cxd5 (18. Ba5 Nb6 $15) 18... c4 $14 {[%mdl 64] Double Attack}) 17. c4 Kh8 18. cxd5 cxd5 19. Rf2 Nb6 20. Rg2 Nc4 21. g5 Qe8 22. Rc1 hxg5 23. fxg5 {[%cal Rd3c4]} Bg6 ({Avoid the trap} 23... Nxb2 $2 24. Rxc8 Qxc8 25. g6 $18) (23... f4 $1 $15 24. Rf1 Bxd3 25. Qxd3 Nxb2) 24. Bf4 $11 b6 25. Na1 Bh5 26. Qf1 g6 27. Rgc2 Qd7 28. Kf2 Kg7 29. Kg3 a5 $36 {[%mdl 2048] Black has some pressure.} 30. a4 Bb4 31. Kg2 Qxa4 32. b3 Qc6 33. bxc4 dxc4+ {[%mdl 64] [#] Discovered Attack} 34. Kg3 {[%cal Rd3c4]} b5 35. Qf2 Rfd8 36. Be2 (36. Bf1 $17 {keeps fighting.}) 36... Bxe2 $19 37. Rxe2 Ba3 38. Rd1 c3 $2 ({Better is} 38... Be7 $19 {Hoping for ...b4.} 39. Ra2 Ra8) 39. Ra2 $1 $11 {[%cal Ra2a3] The position is equal.} Bb2 {And now ...a4 would win.} 40. Rxa5 {Threatens to win with Ra7+.} c2 {[#]} 41. Nxc2 $1 {[%mdl 512] Accuracy: White = 52%, Black = 55%.} 1/2-1/2